000 00630nam a2200241Ia 4500
003 OSt
005 20220928130256.0
006 a|||||r|||| 00| 0
007 ta
008 220927b |||||||| |||| 00| 0 eng d
024 _a74158
037 _cTextual
040 _aSDCL
_cSDCL
_beng
041 _2eng
_aeng
082 _aB28, M1
100 _aAnderson David R
245 0 _aIntroduction to statistics
_b An applications approach.
260 _aSt.Paul
_bWest Pub
_c1981
300 _axx,602p
_ccm.
650 _aStatistics
942 _hB28, M1
_cTEXL
_2CC
999 _c785870
_d785870